000 00687nam a2200289Ia 4500
005 20260324122446.0
008 008 260324s9999 xx 000 0 eng d
020 _a9780203538098
037 _aEBOOK
040 _aCRL
040 _beng
040 _cCRL
041 _2eng
041 _aeng
084 _qCRL
100 _aThomas Bloor; Meriel Bloor
_91166529
245 4 _aThe Functional Analysis of English
245 2 _bA Hallidayan Approach
260 _bTaylor and Francis
260 _c2013
365 _a
365 _b290
856 _uhttp://www.taylorfrancis.com/books/9780203538098
942 _cEBOOK
999 _c1759293
_d1759293